000
00231nam a22000857a 4500
008
221128b |||||||| |||| 00| 0 eng d
100
_a
Kibuishi Kazu
_9
7631
245
_a
Amulet-3 (The Cloud Searchers)
260
_a
India
_b
Scholastic
_c
2022
999
_c
12154
_d
12154